| 000 | 00477nam a22001697a 4500 | ||
|---|---|---|---|
| 003 | OSt | ||
| 005 | 20260305002415.0 | ||
| 008 | 260129b |||||||| |||| 00| 0 eng d | ||
| 020 | _a971-27-1088-2 | ||
| 040 |
_aDWCL-Main Lib _cOC |
||
| 082 | _aSC.816 C822e 2001 | ||
| 100 | _aCoronel, Shiela S. | ||
| 245 | _a EDSA 2 : a nation in revolt : a photographic journal | ||
| 260 |
_aPasig City : _bAnvil pub., _cc2001 |
||
| 300 |
_avii, _b232 p. : _c28 cm. |
||
| 942 |
_2ddc _cSC _mSC. _n0 |
||
| 999 |
_c8001 _d8001 |
||